000 00422nam a2200145Ia 4500
008 230312s9999||||xx |||||||||||||| ||und||
020 _a9780170214971
082 _a658.45
_bARC-C
100 _aBass,Issa
245 0 _aLean six sigma using SigmaXL and Minitab Lean six sigma using SigmaXL and Minitab
260 _bCengage
_aChina
_c2013
300 _a398
650 _aComputer
_vCommunication in management
942 _cBK
999 _c18017
_d18017